01192cam a2200253 a 450000100090000000300040000900500170001300800410003001000170007102000190008803500240010704000350013105000220016624501020018826000470029030000170033750400510035452003740040565000290077965000260080865000420083465000320087670000300090816009264OSt20230201162639.0091204s2010 ncu b 001 0 eng  a 2009049385 a9780786437207  a(OCoLC)ocn432995264 aDLCcDLCdYDXdCDXdYDXCPdDLC00aP96.L34bW75 201000aWriting and the digital generation :bessays on new media rhetoric /cedited by Heather Urbanski. aJefferson, N.C. :bMcFarland & Co.,c2010. aix, 268 p. ; aIncludes bibliographical references and index. a"This collection explores topics too often overlooked by traditional academic scholarship, though critical to an exploration of rhetoric and popular culture, including fan fiction, reality television, blogging, online role-playing games, and Fantasy Football. Both scholarly and engaging, this text draws rhetorical studies into the digital age"--Provided by publisher. 0aMass media and language. 0aLanguage and culture. 0aEnglish languagexDiscourse analysis. 0aEnglish languagexRhetoric.1 aUrbanski, Heather,d1975-